ICTACT Journal on Microelectronics (2016- (Record no. 279677)

MARC details
000 -LEADER
fixed length control field 00398nam a2200157Ia 4500
008 - FIXED-LENGTH DATA ELEMENTS--GENERAL INFORMATION
fixed length control field 240126s9999 xx 000 0 und d
022 ## - INTERNATIONAL STANDARD SERIAL NUMBER
International Standard Serial Number 2395-1672
041 ## - LANGUAGE CODE
Language code of text/sound track or separate title English
082 ## - DEWEY DECIMAL CLASSIFICATION NUMBER
Classification number LIBRARY-VII
245 #0 - TITLE STATEMENT
Title ICTACT Journal on Microelectronics (2016-
260 ## - PUBLICATION, DISTRIBUTION, ETC.
Name of publisher, distributor, etc. ICTACT
Place of publication, distribution, etc. Chennai
440 ## - SERIES STATEMENT/ADDED ENTRY--TITLE
Title NULL
650 ## - SUBJECT ADDED ENTRY--TOPICAL TERM
Topical term or geographic name entry element Electronics
650 ## - SUBJECT ADDED ENTRY--TOPICAL TERM
Topical term or geographic name entry element ICTACT,Microelectronics,Electronics
942 ## - ADDED ENTRY ELEMENTS (KOHA)
Koha item type Journals
Holdings
Date last seen Total checkouts Full call number Accession number Volume/Issue Number Price effective from Category Lost status Damaged status Department Withdrawn status Home library Current library Shelving location Entry date Vendor Grants Currency symbol Conversion rate Discount Old discount
26/01/2024   LIBRARY-VII JN35809 2(3)(Oct, 2016) 26/01/2024 Journals     Central Library   Central Library Central Library     Publisher EC RS 1    

© For any Suggestions or Query, please contact the library staff @ librarian@pes.edu or Phone: +9180 2672 1983/ 2108.